Povodňové práce a povodňové škody
Zákon č. 7/2010 Z.z. o ochrane pred povodňami. Vyhláška o vyhodnocovaní výdavkov. Povodňové zabezpečovacie práce. Povodňové záchranné práce. Výdavky na povodňové práce a škody. Overovanie vynaložených výdavkov. Vyhodnotenie nároku na peňažnú náhradu. Povodňová škoda. Povodňová prehliadka.
Salvato in:
| Autore principale: | |
|---|---|
| Natura: | Capitolo di libro |
| Lingua: | slovacco |
| Soggetti: | |
| Tags: |
Nessun Tag, puoi essere il primo ad aggiungerne!!
|
MARC
| LEADER | 00000naa a2200000 4500 | ||
|---|---|---|---|
| 001 | 0117493 | ||
| 005 | 20231120114703.8 | ||
| 041 | 0 | |a slo | |
| 044 | |a SK | ||
| 245 | 1 | 0 | |a Povodňové práce a povodňové škody |c Peter Čintala |
| 520 | |a Zákon č. 7/2010 Z.z. o ochrane pred povodňami. Vyhláška o vyhodnocovaní výdavkov. Povodňové zabezpečovacie práce. Povodňové záchranné práce. Výdavky na povodňové práce a škody. Overovanie vynaložených výdavkov. Vyhodnotenie nároku na peňažnú náhradu. Povodňová škoda. Povodňová prehliadka. | ||
| 610 | 2 | 0 | |a povodne |
| 610 | 2 | 0 | |a škody |
| 610 | 2 | 0 | |a výdavky |
| 610 | 2 | 0 | |a ochrana prostredia životného |
| 610 | 2 | 0 | |a zákony |
| 100 | 1 | |a Čintala, Peter | |